[Event "Niederoesterreich Landesliga 1415"]
[Site "Austria"]
[Date "2015.03.01"]
[Round "9.1"]
[White "Schmidrathner, Christian"]
[Black "Hofmann, Thomas"]
[Result "0-1"]
[WhiteElo "2075"]
[BlackElo "2195"]
[PlyCount "64"]
[EventDate "2014.10.05"]
[EventType "team-tourn"]
[EventRounds "11"]
[EventCountry "AUT"]
[SourceTitle "EXT 2016"]
[Source "ChessBase"]
[SourceDate "2015.10.08"]
[SourceVersion "1"]
[SourceVersionDate "2015.10.08"]
[SourceQuality "1"]
[WhiteTeam "Bisamberg/Korneuburg"]
[BlackTeam "Mistelbach"]
[WhiteTeamCountry "AUT"]
[BlackTeamCountry "AUT"]

1. e4 e5 2. Nf3 Nc6 3. Bb5 a6 4. Ba4 Nf6 5. 0-0 Nxe4 6. Re1 Nc5 7. Bxc6 dxc6 8. Nxe5 Be7 9. Qh5 0-0 10. d4 Qxd4 11. Nc3 Qh4 12. Qf3 Bd6 13. Bf4 Qf6 14. Ne4 Nxe4 15. Rxe4 Bf5 16. Re2 Rae8 17. Rae1 Re7 18. c3 Rfe8 19. Qg3 h6 20. h3 Kh7 21. h4 Bc8 22. Re4 Qf5 23. Qh2 Bxe5 24. Bxe5 f6 25. g4 Qg6 26. h5 Qf7 27. g5 hxg5 28. f4 gxf4 29. Rxf4 Rxe5 30. Qc2+ Bf5 31. Rxf5 Rxe1+ 32. Rf1+ Kg8 0-1

[Event "Niederoesterreich Landesliga 1415"]
[Site "Austria"]
[Date "2014.11.30"]
[Round "5.1"]
[White "Schmidrathner, Christian"]
[Black "Hellmayr, Alois"]
[Result "1/2-1/2"]
[WhiteElo "2075"]
[BlackElo "2205"]
[PlyCount "78"]
[EventDate "2014.10.05"]
[EventType "team-tourn"]
[EventRounds "11"]
[EventCountry "AUT"]
[SourceTitle "EXT 2016"]
[Source "ChessBase"]
[SourceDate "2015.10.08"]
[SourceVersion "1"]
[SourceVersionDate "2015.10.08"]
[SourceQuality "1"]
[WhiteTeam "Bisamberg/Korneuburg"]
[BlackTeam "Boehlerwerk"]
[WhiteTeamCountry "AUT"]
[BlackTeamCountry "AUT"]

1. e4 c5 2. Nf3 e6 3. d4 cxd4 4. Nxd4 a6 5. c4 b6 6. Nc3 Bb7 7. Bd3 d6 8. 0-0 Nf6 9. Be3 g6 10. f3 Bg7 11. Qd2 0-0 12. Bh6 Qc7 13. Bxg7 Kxg7 14. Kh1 Nbd7 15. Rac1 Rac8 16. b3 Qc5 17. Bb1 Rfd8 18. Na4 Qc7 19. Qe3 Nc5 20. Nc3 Ncd7 21. f4 Qc5 22. Na4 Qh5 23. Nf3 b5 24. cxb5 axb5 25. Rxc8 Rxc8 26. Nb6 Nxb6 27. Qxb6 Bxe4 28. Bxe4 Nxe4 29. Qd4+ Nf6 30. Qxd6 Rc2 31. Ne5 Qe2 32. Rg1 Ng4 33. h3 Nf2+ 34. Kh2 h6 35. Nf3 Rxa2 36. Qd4+ Kg8 37. Qd8+ Kg7 38. Qd4+ Kg8 39. Qd8+ Kg7 1/2-1/2

[Event "Niederoesterreich Landesliga 1415"]
[Site "Austria"]
[Date "2014.11.09"]
[Round "3.1"]
[White "Schmidrathner, Christian"]
[Black "Kleiser, Gregor"]
[Result "0-1"]
[WhiteElo "2075"]
[BlackElo "2300"]
[PlyCount "92"]
[EventDate "2014.10.05"]
[EventType "team-tourn"]
[EventRounds "11"]
[EventCountry "AUT"]
[SourceTitle "EXT 2016"]
[Source "ChessBase"]
[SourceDate "2015.10.08"]
[SourceVersion "1"]
[SourceVersionDate "2015.10.08"]
[SourceQuality "1"]
[WhiteTeam "Bisamberg/Korneuburg"]
[BlackTeam "Krems Voest"]
[WhiteTeamCountry "AUT"]
[BlackTeamCountry "AUT"]

1. e4 c5 2. Nf3 e6 3. b4 b6 4. bxc5 bxc5 5. Nc3 Nc6 6. Rb1 d6 7. Bb5 Bd7 8. e5 dxe5 9. Bxc6 Bxc6 10. Nxe5 Bxg2 11. Qg4 Qd4 12. Qxd4 cxd4 13. Nb5 Bxh1 14. Nc7+ Ke7 15. Nxa8 Kf6 16. Nd7+ Kg5 17. d3+ Kh4 18. Nxf8 Bxa8 19. Rb8 Bd5 20. Nd7 f6 21. a4 Kh3 22. Bf4 e5 23. Bc1 h5 24. f4 Rh6 25. f5 Rh8 26. Nc5 h4 27. Rd8 Bg2 28. Ne4 Kxh2 29. Kf2 h3 30. c3 Bxe4 31. dxe4 dxc3 32. Rd3 Rh4 33. Kf3 g5 34. fxg6 f5 35. Rxc3 Rxe4 36. Kf2 Rg4 37. Be3 a6 38. Rc6 Rg2+ 39. Kf1 Kg3 40. Rc3 Kg4 41. g7 Ra2 42. Kg1 Rg2+ 43. Kf1 Rb2 44. Kg1 Rb7 45. Bf2 Rb1+ 46. Kh2 Rb2 0-1